Snatak Mahalaar Siksha Manobignan (Record no. 57357)
[ view plain ]
| 000 -LEADER | |
|---|---|
| fixed length control field | 00497nam a2200193Ia 4500 |
| 001 - CONTROL NUMBER | |
| control field | 57444 |
| 008 - FIXED-LENGTH DATA ELEMENTS--GENERAL INFORMATION | |
| fixed length control field | 141025n ii |||gr||||Z||||||asm |
| 020 ## - INTERNATIONAL STANDARD BOOK NUMBER | |
| International Standard Book Number | 9788192736600 |
| 082 ## - DEWEY DECIMAL CLASSIFICATION NUMBER | |
| Classification number | 370 |
| 245 #0 - TITLE STATEMENT | |
| Title | Snatak Mahalaar Siksha Manobignan |
| Statement of responsibility, etc. | Phunu Das & Others |
| Medium | Textual Documents |
| 250 ## - EDITION STATEMENT | |
| Edition statement | First--2013. |
| 260 ## - PUBLICATION, DISTRIBUTION, ETC. | |
| Place of publication, distribution, etc. | Gauhati |
| Name of publisher, distributor, etc. | Shanti Prakashan |
| 300 ## - PHYSICAL DESCRIPTION | |
| Extent | 182pg: |
| Dimensions | 30cm. |
| 653 ## - INDEX TERM--UNCONTROLLED | |
| Uncontrolled term | Education |
| 653 ## - INDEX TERM--UNCONTROLLED | |
| Uncontrolled term | Psychology |
| 653 ## - INDEX TERM--UNCONTROLLED | |
| Uncontrolled term | G-Education |
| 700 ## - ADDED ENTRY--PERSONAL NAME | |
| Personal name | Das,Phunu . |
| 942 ## - ADDED ENTRY ELEMENTS (KOHA) | |
| Source of classification or shelving scheme | Dewey Decimal Classification |
| Koha item type | Books |
| Withdrawn status | Lost status | Damaged status | Not for loan | Collection | Home library | Current library | Shelving location | Date acquired | Coded location qualifier | Total checkouts | Full call number | Barcode | Date last seen | Copy number | Price effective from | Koha item type |
|---|---|---|---|---|---|---|---|---|---|---|---|---|---|---|---|---|
| Dr. Suryya Kumar Bhuyan Library | Dr. Suryya Kumar Bhuyan Library | 25/10/2014 | 00000 | 370 Da 23 Si | 2902/gift | 14/01/2024 | 1 | 25/10/2014 | Books |
